00315nam a22001337a 4500003000400000008004100004020001800045082001400063100001900077245004300096250000900139260002500148300000800173OSt250401b |||||||| |||| 00| 0 eng d a9781259029981 a006.3 KHA aKHEMANI,Deepak aFirst Course in Artifical Intelligence a14th aNew DelhibTMHc2024 a926